On This Day: September 8th Quiz Stats

 Plays Quiz Updated Oct 12, 2017

Challenge
Share
Tweet
Embed
Score 0/7 Timer 03:00
1 Play Today
Question Answer Wrong Answers
______ begins marketing Scotch transparent tape.
1930
3M
88.4%
Loctite
4.1%
Honeywell
2.5%
General Electric
3.7%
This man pardons former President Richard Nixon for any crimes Nixon may have committed while in office.
1974
Gerald Ford
79.2%
Jimmy Carter
8.9%
Ronald Reagan
7.6%
Nelson Rockefeller
1.3%
This American politician, the junior United States Senator from Vermont since 2007, is born.
1941
Bernie Sanders
76.3%
John Kasich
3.6%
Elizabeth Warren
5.9%
Joe Biden
12.3%
______ is admitted into the League of Nations.
1926
Germany
52.2%
Italy
17.6%
Egypt
11.3%
Turkey
18.3%
This landmark American science fiction TV series premieres with its first-aired episode, ‘The Man Trap’.
1966
Star Trek
44.6%
Doctor Who
7%
The Twilight Zone
40.6%
The X-Files
5%
This country on the Balkan peninsula becomes independent from SFR Yugoslavia.
1991
Macedonia
37.4%
Slovenia
47.1%
Greece
2%
Bulgaria
10.2%
This man and his wife, Adelaide of Saxe-Meiningen, are crowned King and Queen of the United Kingdom of Great Britain and Ireland.
1831
William IV
32.6%
George IV
33.1%
Edward IV
23.5%
Charles IV
10.7%

Today's Daily Dose

You're not logged in!

Compare scores with friends on all Sporcle quizzes.
OR
Log In

You Might Also Like...

Show Comments

Extras

Top Quizzes Today


Score Distribution

Your Account Isn't Verified!

In order to create a playlist on Sporcle, you need to verify the email address you used during registration. Go to your Sporcle Settings to finish the process.

Report this User

Report this user for behavior that violates our Community Guidelines.

Details: